Normal view
MARC view
Entry Topical Term
001 - CONTROL NUMBER
- control field: 38870
003 - CONTROL NUMBER IDENTIFIER
- control field: ARRUPE
005 - DATE AND TIME OF LATEST TRANSACTION
- control field: 20180125120351.0
008 - FIXED-LENGTH DATA ELEMENTS
- fixed length control field: 180125|| aca||aabn | a|a d
040 ## - CATALOGING SOURCE
- Original cataloging agency: ARRUPE
- Transcribing agency: ARRUPE
150 ## - HEADING--TOPICAL TERM
- Topical term or geographic name as entry element: Iconoclasm.
670 ## - SOURCE DATA FOUND
- Source citation: Work cat.: (ARRUPE)0: Schönborn, Christoph von. 38865, L'icône du Christ :, 1986.